Loading...
| History - European History | 3 | 2 | 0 | 2 | 65 | 50 | 86.00 | 2 | 5 |
| Religion | 1 | 5 | 0 | 2 | 65 | 61 | 101.00 | 1 | 4 |
| History - World History | 1 | 4 | 0 | 0 | 55 | 70 | 85.00 | 1 | 4 |
| Science - Chemistry | 1 | 5 | 2 | 2 | 55 | 32 | 107.67 | 1 | 5 |
| Mythology | 2 | 2 | 1 | 0 | 45 | 46 | 73.75 | 3 | 3 |
| History - Other History | 1 | 1 | 0 | 0 | 25 | 49 | 79.00 | 1 | 1 |
| Social Science | 0 | 3 | 1 | 0 | 25 | 100 | 105.00 | 0 | 2 |
| Science - Biology | 1 | 1 | 0 | 0 | 25 | 49 | 82.00 | 2 | 2 |
| Literature - British Literature | 0 | 2 | 0 | 0 | 20 | 81 | 96.00 | 0 | 2 |
| History - American History | 0 | 2 | 0 | 2 | 20 | 137 | 141.50 | 0 | 0 |
| Literature - World Literature | 1 | 0 | 0 | 0 | 15 | 59 | 59.00 | 1 | 1 |
| Current Events | 0 | 1 | 0 | 0 | 10 | 111 | 111.00 | 0 | 0 |
| Science - Other Science | 0 | 1 | 0 | 1 | 10 | 144 | 144.00 | 0 | 0 |
| Fine Arts - Visual Fine Arts | 0 | 1 | 0 | 0 | 10 | 72 | 72.00 | 0 | 1 |
| Other Academic | 0 | 0 | 1 | 0 | -5 | 0.00 | 0 | 0 |